000 02475nam a2200421 c 4500
999 _c128471
_d128471
003 BLK
005 20240321124852.0
008 180409b bul|||||r ||||||| ||bul||
010 _aKNG00134193000
040 _aBLK
041 _aBUL
_cBUL
080 _aПартии и движения със социалистически и социалдемократически възгледи. Социалистически и социалдемократически партии. Вж и 327. 323
_b329.14
_x(497.2)(092)
_z329.14(497.2)(092)
080 _aДимитър Благоев Николов (Дядото). Български политик и философ, основател на организираното социалистическо движение в България и на първата социалдемократическа партия на Балкански полуостров
_b929 Благоев, Димитър
_z929 Благоев, Димитър
100 _aБлагоев, Димитър
_gДядото
_d1856 - 1924
_qНиколов, Димитър Благоев
_9377352
139 _aБлагоев, Димитър
_bБ 47
245 1 0 _aМисли и афоризми на Димитър Благоев
_bСб.
_cДимитър Благоев; състав. Йорданка Долапчиева; худож. Александър Хачатурян;
257 _aBGR
260 _aСофия
_bПартиздат
_c1977
300 _a368 с.
_bс ил.
_c19 см
380 _a3
500 _aДруги състав. : Цвета Минкова, Венета Апостолова, Олга Кузова. - 10 110 тир.
600 1 4 _aБлагоев, Димитър
_9294209
650 4 _aБлагоев, Димитър - възгледи
_9294210
653 _aДимитър Благоев
653 _aмисли
653 _aафоризми
700 1 _aДолапчиева, Йорданка
_eсъстав.
_9321255
700 1 _aХачатурян, Александър
_eхудож.
_9317042
700 1 _aНиколов, Димитър Благоев
_9321178
852 _aЦб 85933
_bЦб
856 4 _qpdf
_i0.00
_ldisable
856 4 _qpdf
_i0.00
_ldisable
942 _cKNG
_n0
_s1
944 _aCR
_c25.09.2012
_lНора Радева
_k30545
944 _aED
_c25.09.2012
_l25.09.2012 - от С1,Р / 25.09.2012
944 _aED
_c2022-10-27
999 _d128471